Managing one - self : (Record no. 516779)

000 -LEADER
fixed length control field 00332nam a22001097a 4500
082 ## - DEWEY DECIMAL CLASSIFICATION NUMBER
Classification number TNC AAX54 P191
100 ## - MAIN ENTRY--PERSONAL NAME
Personal name Panchamukhi, V. R.
9 (RLIN) 23465
245 ## - TITLE STATEMENT
Title Managing one - self :
Remainder of title Sri bhagavadgita theory and practice
Statement of responsibility, etc by V. R. Panchamukhi
260 ## - PUBLICATION, DISTRIBUTION, ETC. (IMPRINT)
Place of publication, distribution, etc Delhi
Name of publisher, distributor, etc Amar Granth Pub.
Date of publication, distribution, etc 2001
300 ## - PHYSICAL DESCRIPTION
Extent 132p.
650 ## - SUBJECT ADDED ENTRY--TOPICAL TERM
Topical term or geographic name as entry element Bhagvad Gita
9 (RLIN) 23466
Holdings
Withdrawn status Lost status Source of classification or shelving scheme Damaged status Koha normalized classification for sorting Not for loan Permanent location Current location Date acquired Full call number Barcode Date last seen Price effective from Koha item type
        TNC_AAX54_P191   Indian Institute of Public Administration Indian Institute of Public Administration 2021-03-16 TNC AAX54 P191 GR22747 2021-03-16 2021-03-16 GR

Powered by Koha